European Countries With the Most Redheads - Statistics

General Stats
  • This quiz has been taken 46 times
  • The average score is 13 of 15
Answer Stats
Country % Correct
Ireland
100%
United Kingdom
98%
Belgium
90%
Netherlands
88%
Norway
88%
Sweden
88%
Iceland
85%
Russia
85%
France
83%
Switzerland
83%
Poland
78%
Estonia
76%
Latvia
76%
Luxembourg
76%
Czech Republic
61%
No matching quizzes found
Score Distribution
Percent of People with Each Score
Percentile by Number Answered
Your Score History
You have not taken this quiz